000
00447nam a22001337a 4500
003
SGT
020
_a
817975040X
082
_a
891.4309
_b
G04S
100
_a
सलिल, सुरेश
245
_a
गणेशशंकर विद्यार्थी रचनावली
260
_b
अनामिका पब्लिशर्स एंड डिस्ट्रीब्यूटर्स
_c
2004
300
_a
458
942
_2
ddc
_c
BK
999
_c
31221
_d
31221